REITs (Record no. 83502)

MARC details
000 -LEADER
fixed length control field 00871cab a22001935a 4500
001 - CONTROL NUMBER
control field L154128
008 - FIXED-LENGTH DATA ELEMENTS--GENERAL INFORMATION
fixed length control field 111018e20111014xxk 000 0 eng d
035 ## - SYSTEM CONTROL NUMBER
System control number (Sirsi) u154128
041 0# - LANGUAGE CODE
Language code of text/sound track or separate title eng
100 1# - MAIN ENTRY--PERSONAL NAME
Personal name Whitmore, James
245 00 - TITLE STATEMENT
Title REITs
Remainder of title your guide to the forthcoming changes
260 ## - PUBLICATION, DISTRIBUTION, ETC.
-- 2011
490 #0 - SERIES STATEMENT
Series statement Property Week
Volume/sequential designation 77(41) 14 October 2011, 20-21(2)
520 ## - SUMMARY, ETC.
Summary, etc. Government intends to relax the rules controlling REITs allowing property debt companies and housing associations to join the tax-transparent regime in 2013. Explains how the new rules to be introduced in July 2012 will benefit the property industry and how social housing and mortgage REITs would also be a boon if given Treasury backing.
590 ## - LOCAL NOTE (RLIN)
Local note KA
651 #4 - SUBJECT ADDED ENTRY--GEOGRAPHIC NAME
Geographic name United Kingdom
Chronological subdivision
690 ## - LOCAL SUBJECT ADDED ENTRY--TOPICAL TERM (OCLC, RLIN)
Topical term or geographic name as entry element PROPERTY-PROPERTY FINANCE AND INVESTMENT-REAL ESTATE INVESTMENT TRUSTS
942 ## - ADDED ENTRY ELEMENTS (KOHA)
Suppress in OPAC 0
Holdings
Withdrawn status Lost status Source of classification or shelving scheme Damaged status Not for loan Home library Current library Shelving location Date acquired Total Checkouts Full call number Barcode Date last seen Copy number Price effective from Koha item type
    Dewey Decimal Classification     London London Journal article 18/10/2011   L154128 154128-1001 06/08/2019 1 06/08/2019 Journal article